Legislatura ordinaria
Kaydedildi:
| Müşterek Yazar: | |
|---|---|
| Materyal Türü: | Kitap |
| Dil: | İspanyolca |
| Baskı/Yayın Bilgisi: |
Santiago
Cámara de Diputados
1966
|
| Konular: | |
| Etiketler: |
Etiketle
Etiket eklenmemiş, İlk siz ekleyin!
|
MARC
| LEADER | 00000nam a2200000 a 4500 | ||
|---|---|---|---|
| 001 | UCK0487 | ||
| 003 | CL-VaPUC | ||
| 008 | 041008e19660000CL |||||||||||||||||spa|d | ||
| 082 | 0 | 4 | |a 328.35 |b CAM |2 21 |
| 110 | 2 | |a Cámara de Diputados |e author |9 488469 | |
| 245 | 1 | 0 | |a Legislatura ordinaria |
| 246 | 1 | 0 | |a Sesiones ordinarias 1966 |
| 300 | |a t | ||
| 942 | |c BK | ||
| 945 | |d 20041008 00:00:00 |a cmena | ||
| 260 | |a Santiago |b Cámara de Diputados |c 1966 | ||
| 500 | |a t.1: Sesión 1ª a 8ª, en junio de 1966. Presidencia del señor Ballesteros | ||
| 500 | |a t.2: Sesión 9ª, en miércoles 22 de junio de 1966, especial: de 11.15 a 13.39 horas. Presidencia de los señores Ballesteros, Isla y Phillips, Secretario el señor Cañas Ibáñez, Prosecretario, el señor Kaempfe | ||
| 500 | |a Sesión 10ª, en miércoles 22 de junio de 1966, ordinaria: de 16.15 a 20.38 horas. Presidencia de los señores Ballesteros, Isla y Phillips y de la señora Dip, Secretario el señor Cañas Ibáñez, Prosecretario, el señor Kaempfe | ||
| 500 | |a Sesión 11ª, en miércoles 22 de junio de 1966, especial: de 21.15 a 23.05 horas. Presidencia del señor Phillips, Secretario el señor Cañas Ibáñez, Prosecretario, el señor Kaempfe | ||
| 500 | |a Sesión 12ª, en martes 28 de junio de 1966, ordinaria: de 16.15 a 21.20 horas del jueves 30. Presidencia de los señores Ballesteros e Isla y de la señorita Saavedra, Secretario el señor Cañas Ibáñez, Prosecretario, el señor Kaempfe | ||
| 500 | |a Sesión 13ª, en martes 5 de julio de 1966, especial: de 11.15 a 13.30 horas. Presidencia del señor Isla, Secretario el señor Cañas Ibáñez, Prosecretario, el señor Kaempfe | ||
| 500 | |a Sesión 14ª, en martes 5 de julio de 1966, especial: de 15.15 a 22 horas. Presidencia de los señores Isla y Phillips, Secretario el señor Cañas Ibáñez, Prosecretario, el señor Kaempfe | ||
| 500 | |a Sesión 15ª, en miércoles 6 de julio de 1966, especial: de 11.15 a 13.30 horas. Presidencia del señor Isla, Secretario el señor Cañas Ibáñez, Prosecretario, el señor Kaempfe | ||
| 500 | |a Sesión 16ª, en miércoles 6 de julio de 1966, especial: de 15.15 a 22 horas. Presidencia del señor Isla, Secretario el señor Cañas Ibáñez, Prosecretario, el señor Kaempfe | ||
| 500 | |a Sesión 17ª, en jueves 7 de julio de 1966, especial: de 11.15 a 13.31 horas. Presidencia del señor Isla, Secretario el señor Cañas Ibáñez, Prosecretario, el señor Kaempfe | ||
| 500 | |a Sesión 18ª, en jueves 7 de julio de 1966, especial: de 15.15 a 20.47 horas. Presidencia del señor Isla, Secretario el señor Cañas Ibáñez, Prosecretario, el señor Kaempfe | ||
| 500 | |a Sesión 19ª, en martes 12 de julio de 1966, ordinaria: de 16.15 a 23.13 horas. Presidencia de los señores Ballesteros e Isla y de la señorita Saavedra, Secretario el señor Cañas Ibáñez, Prosecretario, el señor Kaempfe | ||
| 500 | |a Sesión 20ª, en miércoles 13 de julio de 1966, especial: de 11.15 a 12.29 horas. Presidencia del señor Ballesteros, Secretario el señor Cañas Ibáñez, Prosecretario, el señor Kaempfe | ||
| 500 | |a Sesión 21ª, en miércoles 13 de julio de 1966, ordinaria: de 16.15 a 20.48 horas del jueves 14. Presidencia de los señores Ballesteros e Isla y de la señora Retamal, Secretario el señor Cañas Ibáñez, Prosecretario, el señor Kaempfe | ||
| 500 | |a Sesión 22ª, en martes 19 de julio de 1966, ordinaria: de 16.15 a 21.41 horas. Presidencia de los señores Ballesteros, Isla y Sivori, Secretario el señor Cañas Ibáñez, Prosecretario, el señor Kaempfe | ||
| 500 | |a Sesión 23ª, en miércoles 20 de julio de 1966, especial: de 11 a 13.50 hora. Presidencia de los señores Ballesteros y Sivori, Secretario el señor Cañas Ibáñez, Prosecretario, el señor Kaempfe | ||
| 500 | |a Sesión 24ª, en miércoles 20 de julio de 1966, ordinaria: de 16.15 a 19.35 horas. Presidencia de los señores Ballesteros, Isla, Sivori y de la señorita Saavedra, Secretario el señor Cañas Ibáñez, Prosecretario, el señor Kaempfe | ||
| 500 | |a Sesión 25ª, en martes 26 de julio de 1966, ordinaria: de 16.15 a 19.20. Presidencia de los señores Ballesteros y Sivori, Secretario el señor Cañas Ibáñez, Prosecretario, el señor Kaempfe | ||
| 500 | |a t.4: Sesión 26ª, en miércoles 27 de julio de 1966, ordinaria: de 16.15 a 20.51 horas. Presidencia de los señores Ballesteros y Sivori, secretario, el señor Cañas Ibáñez, Prosecretario, el señor Kaempfe | ||
| 500 | |a Sesión 27ª, en jueves 28 de julio de 1966, especial: de 11 a 14.43 horas. Presidencia del señor Isla, secretario, el señor Cañas Ibáñez, Prosecretario, el señor Kaempfe | ||
| 500 | |a Sesión 28ª, en martes 2 de agosto de 1966, ordinaria: de 16.15 a 20.18 horas. Presidencia de los señores Ballesteros, Isla, Sivori y Papic, Secretario, el señor Cañas Ibáñez | ||
| 500 | |a Sesión 29ª, en miércoles 3 de agosto de 1966, ordinaria: de 16.15 a 20.56 horas. Presidencia de los señores Isla y Sivori, Secretario, el señor Cañas Ibáñez, Prosecretario, el señor Kaempfe | ||
| 500 | |a Sesión 30ª, en martes 9 de agosto de 1966, especial: de 11 a 13.48 horas. Presidencia de los señores Ballesteros y Sivori, Secretario, el señor Cañas Ibáñez, Prosecretario, el señor Kaempfe | ||
| 500 | |a Sesión 31ª, en martes 9 de agosto de 1966, ordinaria: de 16.15 a 19.50 horas. Presidencia de los señores Ballesteros, Isla y Sivori, secretario, el señor Cañas Ibáñez, Prosecretario, el señor Kaempfe | ||
| 500 | |a Sesión 32ª, en miércoles 10 de agosto de 1966, especial: de 11 a 13.38 horas. Presidencia de los señores Ballesteros y Sivori, secretario, el señor Cañas Ibáñez, Prosecretario, el señor Kaempfe | ||
| 500 | |a Sesión 33ª, en miércoles 10 de agosto de 1966, ordinaria: de 16.15 a 20.22 horas. Presidencia de los señores Ballesterose Isla, secretario, el señor Cañas Ibáñez, Prosecretario, el señor Kaempfe | ||
| 500 | |a Sesión 34ª, en martes 16 de agosto de 1966, ordinaria: de 16.15 a 21.02 horas. Presidencia de los señores Ballesteros, Isla y Sivori, secretario, el señor Cañas Ibáñez, Prosecretario, el señor Kaempfe | ||
| 500 | |a Sesión 35ª, en miércoles 17 de agosto de 1966, ordinaria: de 16.15 a 20.56 horas. Sesión 26ª, en miércoles 27 de julio de 1966, ordinaria: de 16.15 a 20.51 horas. Presidencia de los señores Ballesteros y Sivori, secretario, el señor Cañas Ibáñez, Prosecretario, el señor Kaempfe | ||
| 650 | 7 | |a DERECHO CHILENO |2 CL-VaPUC |9 488470 | |
| 650 | 0 | |a Jurisprudencia |9 255952 | |
| 650 | 7 | |a LEGISLACION CHILENA |2 CL-VaPUC |9 404063 | |
| 583 | |a last modification |c 20041008 00:00:00 |k Rodrigo Vera | ||
| 999 | |c 310923 |d 310921 | ||
| 952 | |0 0 |1 0 |4 0 |6 328_350000000000000_CAM_1966 |7 0 |8 X |9 379974 |a BIBHIS |b BIBHIS |d 2019-11-21 |h t.1 |i 4068513 |o 328.35 CAM 1966 |p 4068513 |r 2024-01-30 |w 2019-11-21 |y BK_X |k HIS | ||
| 952 | |0 0 |1 0 |4 0 |6 328_350000000000000_CAM_1966 |7 0 |8 X |9 379975 |a BIBHIS |b BIBHIS |d 2019-11-21 |h t.2 |i 4068521 |o 328.35 CAM 1966 |p 4068521 |r 2024-01-30 |w 2019-11-21 |y BK_X |k HIS | ||
| 952 | |0 0 |1 0 |4 0 |6 328_350000000000000_CAM_1966 |7 0 |8 X |9 379976 |a BIBHIS |b BIBHIS |d 2019-11-21 |h t.3 |i 406853K |o 328.35 CAM 1966 |p 406853K |r 2024-01-30 |w 2019-11-21 |y BK_X |k HIS | ||
| 952 | |0 0 |1 0 |4 0 |6 328_350000000000000_CAM_1966 |7 0 |8 X |9 379977 |a BIBHIS |b BIBHIS |d 2019-11-21 |h t.4 |i 4068548 |o 328.35 CAM 1966 |p 4068548 |r 2024-01-30 |w 2019-11-21 |y BK_X |k HIS | ||
| 952 | |0 0 |1 0 |4 0 |6 328_350000000000000_CAM_1966 |7 0 |8 X |9 379978 |a BIBHIS |b BIBHIS |d 2019-11-21 |h t.5 |i 4068556 |o 328.35 CAM 1966 |p 4068556 |r 2024-01-30 |w 2019-11-21 |y BK_X |k HIS | ||
| 952 | |0 0 |1 0 |4 0 |6 328_350000000000000_CAM_1966 |7 0 |8 X |9 379979 |a BIBHIS |b BIBHIS |d 2019-11-21 |h t.6 |i 4068564 |o 328.35 CAM 1966 |p 4068564 |r 2024-01-30 |w 2019-11-21 |y BK_X |k HIS | ||